[Event "Kitale op"]
[Site "Kitale"]
[Date "2023.05.14"]
[Round "4"]
[White "Mumia, Andrew"]
[Black "Panchol, James Madol"]
[Result "0-1"]
[WhiteElo "1693"]
[BlackElo "1947"]
[PlyCount "44"]
[EventDate "2023.05.13"]
[EventType "swiss"]
[EventRounds "6"]
[EventCountry "KEN"]
[SourceTitle "EXT 2024"]
[Source "ChessBase"]
[SourceDate "2023.10.10"]
[SourceVersion "1"]
[SourceVersionDate "2023.10.10"]
[SourceQuality "1"]

1. d4 Nf6 2. c4 e6 3. Nf3 d5 4. Nc3 c6 5. cxd5 exd5 6. Bg5 Be7 7. Qc2 0-0 8. e3 Ne4 9. Bxe7 Qxe7 10. Bd3 f5 11. Ne5 Nd7 12. f4 Nxe5 13. fxe5 Qh4+ 14. g3 Qh6 15. Bxe4 Qxe3+ 16. Qe2 Qxe2+ 17. Kxe2 fxe4 18. h3 b6 19. Rac1 Ba6+ 20. Ke1 Rf3 21. Rg1 Raf8 22. Nd1 e3 0-1

[Event "Nairobi op"]
[Site "Nairobi"]
[Date "2023.04.07"]
[Round "3"]
[White "Panchol, James Madol"]
[Black "Kabechu, Dennis"]
[Result "1-0"]
[WhiteElo "1977"]
[BlackElo "1198"]
[PlyCount "33"]
[EventDate "2023.04.06"]
[EventType "swiss"]
[EventRounds "9"]
[EventCountry "KEN"]
[SourceTitle "EXT 2024"]
[Source "ChessBase"]
[SourceDate "2023.10.10"]
[SourceVersion "1"]
[SourceVersionDate "2023.10.10"]
[SourceQuality "1"]

1. e4 c5 2. Nf3 a6 3. c4 d6 4. Nc3 e6 5. d4 Nd7 6. Be2 f6 7. 0-0 Ne7 8. Be3 Ng6 9. Qa4 b6 10. Rfd1 Be7 11. dxc5 dxc5 12. h4 h5 13. g3 0-0 14. Nh2 Nge5 15. f4 Nf7 16. Bxh5 Nh6 17. f5 1-0

[Event "Africa-ch U2000"]
[Site "Mombasa"]
[Date "2022.12.02"]
[Round "7"]
[White "Panchol, James Madol"]
[Black "Hugh, Misiko Okonga"]
[Result "1-0"]
[WhiteElo "1937"]
[BlackElo "1785"]
[PlyCount "57"]
[EventDate "2022.11.27"]
[EventType "swiss"]
[EventRounds "9"]
[EventCountry "KEN"]
[SourceTitle "EXT 2024"]
[Source "ChessBase"]
[SourceDate "2023.10.10"]
[SourceVersion "1"]
[SourceVersionDate "2023.10.10"]
[SourceQuality "1"]

1. Nf3 f5 2. g3 Nf6 3. d4 e6 4. Bg2 Be7 5. 0-0 0-0 6. c4 d6 7. b3 Qe8 8. Nc3 a5 9. Qc2 Nc6 10. a3 e5 11. Nb5 Bd8 12. dxe5 dxe5 13. Bb2 Qh5 14. Qc3 e4 15. Ne5 Nxe5 16. Qxe5 Re8 17. Qf4 Qxe2 18. Bxf6 Bxf6 19. Rae1 Qb2 20. Rb1 Qe2 21. Qxc7 Qh5 22. Rbd1 Be5 23. Qc5 Qf7 24. Rd5 Qe7 25. Qxe7 Rxe7 26. f4 exf3 27. Rd8+ Kf7 28. Bxf3 Re8 29. Rxe8 1-0

[Event "Mombasa op"]
[Site "Shanzu"]
[Date "2022.10.08"]
[Round "2"]
[White "Mwangi, Brian Gabriel"]
[Black "Panchol, James Madol"]
[Result "1-0"]
[WhiteElo "1633"]
[BlackElo "1972"]
[PlyCount "119"]
[EventDate "2022.10.08"]
[EventType "swiss"]
[EventRounds "6"]
[EventCountry "KEN"]
[SourceTitle "EXT 2024"]
[Source "ChessBase"]
[SourceDate "2023.10.10"]
[SourceVersion "1"]
[SourceVersionDate "2023.10.10"]
[SourceQuality "1"]

1. d4 Nf6 2. c4 e6 3. Nc3 Bb4 4. e3 0-0 5. Bd3 d5 6. a3 Bxc3+ 7. bxc3 c5 8. cxd5 exd5 9. Ne2 c4 10. Bc2 Re8 11. 0-0 Nc6 12. f3 Qd6 13. Ng3 h5 14. Qe2 h4 15. Nf5 Bxf5 16. Bxf5 g6 17. Bc2 h3 18. g3 Qe6 19. Bd2 Re7 20. Rae1 Rae8 21. Qf2 Qd7 22. g4 Kg7 23. Qg3 Na5 24. e4 dxe4 25. Bg5 e3 26. Qh4 Qd6 27. Qh6+ Kg8 28. Bxg6 fxg6 29. Qxg6+ Rg7 30. Qxf6 Qd5 31. Rxe3 Rxe3 32. Bxe3 Rxg4+ 33. Kf2 Rg2+ 34. Ke1 Nb3 35. Rg1 Rxg1+ 36. Bxg1 Qa5 37. Qe6+ Kg7 38. Qe5+ Qxe5+ 39. dxe5 b6 40. Kf2 Kg6 41. Kg3 Kf5 42. f4 Nc1 43. Kf3 Nd3 44. Be3 Ne1+ 45. Kg3 Nc2 46. Bc1 b5 47. Kxh3 Ne1 48. Kg3 Nd3 49. Bd2 Nc5 50. Kf3 a5 51. h4 Ne4 52. Be1 Nc5 53. h5 Nd3 54. Bd2 Nc5 55. h6 Kg6 56. f5+ Kh7 57. f6 Kg6 58. Ke3 Nb3 59. e6 Nc5 60. e7 1-0

[Event "Kampala Rwabushenyi Memorial"]
[Site "Kampala"]
[Date "2021.12.02"]
[Round "2"]
[White "Bitarinsa, Arthur"]
[Black "Panchol, James Madol"]
[Result "1/2-1/2"]
[WhiteElo "1608"]
[BlackElo "2043"]
[PlyCount "124"]
[EventDate "2021.12.02"]
[EventType "swiss"]
[EventRounds "8"]
[EventCountry "UGA"]
[SourceTitle "EXT 2023"]
[Source "ChessBase"]
[SourceDate "2022.10.05"]
[SourceVersion "1"]
[SourceVersionDate "2022.10.05"]
[SourceQuality "1"]

1. e4 c5 2. Nf3 d6 3. d3 Nc6 4. g3 g6 5. Bg2 Bg7 6. 0-0 Nf6 7. Re1 Qc7 8. c3 0-0 9. h4 Bg4 10. Nbd2 d5 11. Nf1 dxe4 12. dxe4 Rad8 13. Qc2 Qd7 14. N1h2 Be6 15. Bf4 Qd3 16. Qxd3 Rxd3 17. Ng5 Bc8 18. Rad1 Rxd1 19. Rxd1 h6 20. Nh3 Nxe4 21. Bxe4 Bxh3 22. Be3 c4 23. g4 h5 24. f3 hxg4 25. fxg4 Ne5 26. g5 b6 27. Kf2 Be6 28. Kg3 Rb8 29. Bf4 Rc8 30. Nf3 Nxf3 31. Kxf3 b5 32. a3 a5 33. Bb7 Rf8 34. Bc7 b4 35. Bxa5 bxa3 36. bxa3 Rb8 37. Rd8+ Rxd8 38. Bxd8 Bxc3 39. Bxe7 Be1 40. Ke2 Bxh4 41. a4 c3 42. Bb4 Bc4+ 43. Kf3 Be1 44. Be4 c2 45. Ba3 Bb3 46. Ke2 Bh4 47. Bc1 Bxa4 48. Kd3 Be1 49. Ke2 Bb4 50. Bd2 Bxd2 51. Kxd2 Bb3 52. Bxc2 Bxc2 53. Kxc2 Kf8 54. Kd3 Ke7 55. Ke3 Kd6 56. Kd4 Kd7 57. Kd5 Kd8 58. Kd6 Ke8 59. Ke5 Kf8 60. Kf6 Kg8 61. Ke7 Kg7 62. Ke8 Kg8 1/2-1/2